| 000 | 01162nam a2200313 4500 | ||
|---|---|---|---|
| 005 | 20240530110412.0 | ||
| 008 | 150222s2011 ua f b 000 0 ara d | ||
| 017 |
_a14657/2010 _bمصر . دار الكتب المصرية |
||
| 020 | _a8554560521 | ||
| 040 | _aEG-CaGPL | ||
| 041 | 0 | _aara | |
| 082 | 0 | 4 |
_221 _a617.7\ _bخ ط |
| 100 | 0 | _aخالد احمد حسنين على حربى | |
| 245 | 1 | 0 |
_aطب العيون فى الحضارة الاسلامية : _bاسس واكتشافات / _cتاليف وتحقيق خالد احمد حسنين على حربى |
| 260 |
_aالاسكندرية : _bالمكتب الجامعى الحديث ، _c2011 |
||
| 300 |
_a348 ص ؛ _c24 سم |
||
| 504 | _aببليوجرافية : ص 335 - 338 | ||
| 600 | 0 | 4 | _aالبصرى |
| 600 | 0 | 4 | _aالدمشقى |
| 600 | 0 | 4 | _aالطبرى |
| 600 | 0 | 4 | _aالرازى |
| 600 | 0 | 4 | _aابن سينا |
| 650 | 0 | 4 | _aطب العيون |
| 650 | 0 | 4 |
_aطب العيون _xتاريخ _yالحضارة الاسلامية |
| 650 | 0 | 4 |
_aالعين _xامراض |
| 650 | 0 | 4 |
_aاطباء العيون _xتاريخ |
| 942 |
_2ddc _cBK |
||
| 999 |
_c60489 _d60489 |
||